Southville International School and Colleges
Your cart is empty.
  • Cart
  • Lists
    Public lists Eva Luna New books Lux_list list_1
    Your lists Log in to create your own lists
  • Log in to your account
  • Your cookies
  • Search history
Southville International School and Colleges
  • Advanced search
  • Recent comments
  • Most popular
  • Libraries

Log in to your account

Log in with GOOGLE


If you do not have an external account, but do have a local account, you can still log in:

  1. Home
  2. MARC view: Bioethics and moral decisions /
Normal view MARC view ISBD view

Bioethics and moral decisions / (Record no. 14050)

[ view plain ]
MARC details
000 -LEADER
fixed length control field 00753nam a22002655a 4500
001 - CONTROL NUMBER
control field 16301713
003 - CONTROL NUMBER IDENTIFIER
control field OSt
005 - DATE AND TIME OF LATEST TRANSACTION
control field 20140310182524.0
008 - FIXED-LENGTH DATA ELEMENTS--GENERAL INFORMATION
fixed length control field 100625s2007 ph b 001 0 eng
010 ## - LIBRARY OF CONGRESS CONTROL NUMBER
LC control number 2010338604
020 ## - INTERNATIONAL STANDARD BOOK NUMBER
International Standard Book Number 9789715846257
040 ## - CATALOGING SOURCE
Original cataloging agency DLC
Transcribing agency DLC
042 ## - AUTHENTICATION CODE
Authentication code lcode
043 ## - GEOGRAPHIC AREA CODE
Geographic area code a-ph---
050 ## - LIBRARY OF CONGRESS CALL NUMBER
Classification number R 724
Item number .T583 2007
100 1# - MAIN ENTRY--PERSONAL NAME
Personal name Timbreza, Florentino T.
9 (RLIN) 8673
245 10 - TITLE STATEMENT
Title Bioethics and moral decisions /
Statement of responsibility, etc Florentino T. Timbreza.
260 ## - PUBLICATION, DISTRIBUTION, ETC. (IMPRINT)
Place of publication, distribution, etc Quezon City :
Name of publisher, distributor, etc C & E Pub.,
Date of publication, distribution, etc c2007.
300 ## - PHYSICAL DESCRIPTION
Extent 306 p. :
Dimensions 22 cm.
500 ## - GENERAL NOTE
General note Includes bibliographical references and index.
906 ## - LOCAL DATA ELEMENT F, LDF (RLIN)
a 7
b par
c origode
d 3
e ncip
f 20
g y-gencatlg
942 ## - ADDED ENTRY ELEMENTS (KOHA)
Source of classification or shelving scheme Library of Congress Classification
Koha item type
Holdings
Withdrawn status Lost status Source of classification or shelving scheme Damaged status Home library Current library Shelving location Date acquired Total Checkouts Full call number Barcode Date last seen Date checked out Copy number Price effective from Koha item type
    Library of Congress Classification   South SEED-LPDH College Library South SEED-LPDH College Library South SEED-LPDH College Section 08/12/2013 1 R 724 .T583 2007 SSLC1201 04/20/2017 11/22/2016 1 08/12/2013 Books

Bioethics and moral decisions /

APA

Timbreza F. T., . (2007). Bioethics and moral decisions. Quezon City: C & E Pub.

Chicago

Timbreza Florentino T, . 2007. Bioethics and moral decisions. Quezon City: C & E Pub.

Harvard

Timbreza F. T., . (2007). Bioethics and moral decisions. Quezon City: C & E Pub.

MLA

Timbreza Florentino T, . Bioethics and moral decisions. Quezon City: C & E Pub. 2007.

  • Place hold
  • Print
  • Cite
  • Add to your cart (remove)
  • Save record
    BIBTEX Dublin Core MARCXML MARC (non-Unicode/MARC-8) MARC (Unicode/UTF-8) MARC (Unicode/UTF-8, Standard) MODS (XML) RIS
  • More searches
    Search for this title in:
    Other Libraries (WorldCat) Other Databases (Google Scholar) Online Stores (Bookfinder.com) Open Library (openlibrary.org)

Exporting to Dublin Core...

SOUTHVILLE LIBRARY

Southville International School and Colleges Library

1281 Tropical Ave. Cor. Luxembourg St., BF Homes International, Las Pinas City

Tel. No. 8256374 / 252358 Loc. 117/146

Powered by Koha